[Event "2023 National K-12 Grade Championships"]
[Site "Orlando, Florida, United States"]
[Date "2023.12.16"]
[Round "3.21"]
[White "Paragua, Megan Althea"]
[Black "Statz, Isaac"]
[Result "1-0"]
[TimeControl "G/90;d10"]
[WhiteElo "2173"]
[BlackElo "1609"]

1. e4 {[%clk 01:30:00]} {[%emt 00:00:03]} c5 {[%clk 01:30:00]} {[%emt
00:00:09]} 2. Nf3 {[%clk 01:30:00]} {[%emt 00:00:04]} e6 {[%clk 01:29:54]}
{[%emt 00:00:16]} 3. g3 {[%clk 01:29:47]} {[%emt 00:00:24]} d5 {[%clk
01:29:26]} {[%emt 00:00:39]} 4. exd5 {[%clk 01:29:11]} {[%emt 00:00:46]} exd5
{[%clk 01:29:06]} {[%emt 00:00:30]} 5. d4 {[%clk 01:26:49]} {[%emt 00:02:31]}
Nf6 {[%clk 01:28:36]} {[%emt 00:00:39]} 6. Bg2 {[%clk 01:24:52]} {[%emt
00:02:08]} Be7 {[%clk 01:27:34]} {[%emt 00:01:11]} 7. O-O {[%clk 01:23:48]}
{[%emt 00:01:15]} O-O {[%clk 01:27:06]} {[%emt 00:00:38]} 8. a3 {[%clk
01:21:49]} {[%emt 00:02:09]} c4 {[%clk 01:24:01]} {[%emt 00:03:15]} 9. Nc3
{[%clk 01:20:35]} {[%emt 00:01:25]} b6 {[%clk 01:22:22]} {[%emt 00:01:47]} 10.
Ne5 {[%clk 01:20:32]} {[%emt 00:00:14]} Bb7 {[%clk 01:20:50]} {[%emt 00:01:40]}
11. Nxc4 {[%clk 01:20:29]} {[%emt 00:00:15]} Ba6 {[%clk 01:18:50]} {[%emt
00:02:10]} 12. Ne3 {[%clk 01:17:14]} {[%emt 00:03:25]} Bxf1 {[%clk 01:18:06]}
{[%emt 00:00:54]} 13. Qxf1 {[%clk 01:17:01]} {[%emt 00:00:23]} Nc6 {[%clk
01:14:10]} {[%emt 00:04:05]} 14. Qd3 {[%clk 01:17:00]} {[%emt 00:00:12]} Rc8
{[%clk 01:12:53]} {[%emt 00:01:27]} 15. Nexd5 {[%clk 01:16:29]} {[%emt
00:00:41]} Nxd5 {[%clk 01:11:25]} {[%emt 00:01:38]} 16. Nxd5 {[%clk 01:16:29]}
{[%emt 00:00:06]} Bf6 {[%clk 01:09:43]} {[%emt 00:01:49]} 17. Be3 {[%clk
01:16:18]} {[%emt 00:00:23]} Re8 {[%clk 01:08:04]} {[%emt 00:01:46]} 18. c4
{[%clk 01:15:34]} {[%emt 00:00:58]} Bg5 {[%clk 01:03:32]} {[%emt 00:04:41]} 19.
Rd1 {[%clk 01:13:38]} {[%emt 00:02:06]} Bxe3 {[%clk 01:02:05]} {[%emt
00:01:36]} 20. Nxe3 {[%clk 01:13:38]} {[%emt 00:00:07]} Qc7 {[%clk 00:58:46]}
{[%emt 00:03:28]} 21. b4 {[%clk 01:09:30]} {[%emt 00:04:20]} Red8 {[%clk
00:57:23]} {[%emt 00:01:31]} 22. Nd5 {[%clk 01:07:53]} {[%emt 00:01:48]} Qd7
{[%clk 00:55:38]} {[%emt 00:01:53]} 23. Be4 {[%clk 01:07:53]} {[%emt 00:00:08]}
Ne7 {[%clk 00:55:01]} {[%emt 00:00:46]} 24. Bxh7+ {[%clk 01:06:28]} {[%emt
00:01:36]} Kh8 {[%clk 00:55:01]} {[%emt 00:00:07]} 25. Be4 {[%clk 01:04:49]}
{[%emt 00:01:51]} g6 {[%clk 00:52:16]} {[%emt 00:02:54]} 26. Qe3 {[%clk
01:02:28]} {[%emt 00:02:31]} Kg7 {[%clk 00:51:35]} {[%emt 00:00:49]} 27. Nxe7
{[%clk 00:53:17]} {[%emt 00:09:23]} Qxe7 {[%clk 00:51:15]} {[%emt 00:00:29]} 28.
Bd3 {[%clk 00:51:49]} {[%emt 00:01:40]} Qc7 {[%clk 00:49:49]} {[%emt 00:01:34]}
29. d5 {[%clk 00:51:03]} {[%emt 00:00:57]} Re8 {[%clk 00:48:45]} {[%emt
00:01:12]} 30. Qd4+ {[%clk 00:46:40]} {[%emt 00:04:36]} Kh7 {[%clk 00:48:07]}
{[%emt 00:00:46]} 31. d6 {[%clk 00:46:27]} {[%emt 00:00:25]} Qd7 {[%clk
00:47:41]} {[%emt 00:00:34]} 32. Bf1 {[%clk 00:46:23]} {[%emt 00:00:16]} f5
{[%clk 00:46:37]} {[%emt 00:01:13]} 33. Bg2 {[%clk 00:45:55]} {[%emt 00:00:38]}
Red8 {[%clk 00:44:36]} {[%emt 00:02:11]} 34. c5 {[%clk 00:45:11]} {[%emt
00:00:55]} bxc5 {[%clk 00:42:46]} {[%emt 00:01:59]} 35. bxc5 {[%clk 00:45:11]}
{[%emt 00:00:04]} Qb5 {[%clk 00:42:39]} {[%emt 00:00:15]} 36. d7 {[%clk
00:44:10]} {[%emt 00:01:13]} Rxc5 {[%clk 00:42:21]} {[%emt 00:00:27]} 37. Qh4+
{[%clk 00:44:10]} {[%emt 00:00:03]} 1-0

[Event "2023 National K-12 Grade Championships"]
[Site "Orlando, Florida, United States"]
[Date "2023.12.16"]
[Round "3.22"]
[White "Zhu, Linxi"]
[Black "Wu, Cody"]
[Result "1-0"]
[TimeControl "G/90;d10"]
[WhiteElo "2100"]
[BlackElo "1468"]

1. e4 {[%clk 01:30:00]} {[%emt 00:00:07]} e5 {[%clk 01:30:00]} {[%emt
00:00:07]} 2. Nf3 {[%clk 01:30:00]} {[%emt 00:00:03]} Nc6 {[%clk 01:30:00]}
{[%emt 00:00:07]} 3. Bb5 {[%clk 01:30:00]} {[%emt 00:00:07]} a6 {[%clk
01:30:00]} {[%emt 00:00:09]} 4. Ba4 {[%clk 01:30:00]} {[%emt 00:00:05]} Nf6
{[%clk 01:29:56]} {[%emt 00:00:15]} 5. O-O {[%clk 01:30:00]} {[%emt 00:00:06]}
Be7 {[%clk 01:29:36]} {[%emt 00:00:29]} 6. Re1 {[%clk 01:29:47]} {[%emt
00:00:24]} b5 {[%clk 01:29:36]} {[%emt 00:00:10]} 7. Bb3 {[%clk 01:29:47]}
{[%emt 00:00:07]} d6 {[%clk 01:29:36]} {[%emt 00:00:08]} 8. c3 {[%clk
01:29:45]} {[%emt 00:00:13]} O-O {[%clk 01:29:13]} {[%emt 00:00:33]} 9. a4
{[%clk 01:29:18]} {[%emt 00:00:36]} Bb7 {[%clk 01:28:27]} {[%emt 00:00:55]} 10.
d3 {[%clk 01:28:41]} {[%emt 00:00:47]} Na5 {[%clk 01:27:22]} {[%emt 00:01:16]}
11. Bc2 {[%clk 01:28:41]} {[%emt 00:00:08]} c5 {[%clk 01:27:08]} {[%emt
00:00:24]} 12. Nbd2 {[%clk 01:28:22]} {[%emt 00:00:28]} Rc8 {[%clk 01:25:22]}
{[%emt 00:01:56]} 13. Nf1 {[%emt 00:00:21]} Re8 {[%clk 01:21:31]} {[%emt
00:04:00]} 14. Ng3 {[%clk 01:28:07]} {[%emt 00:00:16]} Bf8 {[%clk 01:20:51]}
{[%emt 00:00:50]} 15. Bg5 {[%clk 01:27:49]} {[%emt 00:00:28]} h6 {[%clk
01:20:13]} {[%emt 00:00:48]} 16. Bd2 {[%clk 01:25:31]} {[%emt 00:02:28]} g6
{[%clk 01:16:39]} {[%emt 00:03:44]} 17. h4 {[%clk 01:22:13]} {[%emt 00:03:29]}
h5 {[%clk 01:14:58]} {[%emt 00:01:50]} 18. Bg5 {[%clk 01:21:43]} {[%emt
00:00:40]} Bg7 {[%clk 01:13:52]} {[%emt 00:01:15]} 19. Qe2 {[%clk 01:19:28]}
{[%emt 00:02:26]} Kh7 {[%clk 01:12:28]} {[%emt 00:01:34]} 20. Nd2 {[%clk
01:16:28]} {[%emt 00:03:10]} Nc6 {[%clk 01:07:50]} {[%emt 00:04:48]} 21. Rf1
{[%clk 01:16:03]} {[%emt 00:00:35]} Re6 {[%clk 01:04:38]} {[%emt 00:03:22]} 22.
Bb3 {[%clk 01:15:53]} {[%emt 00:00:21]} Re7 {[%clk 01:02:26]} {[%emt 00:02:21]}
23. f4 {[%clk 01:13:58]} {[%emt 00:02:05]} Qb6 {[%clk 01:00:21]} {[%emt
00:02:15]} 24. Kh1 {[%clk 01:09:50]} {[%emt 00:04:18]} Rh8 {[%clk 00:58:53]}
{[%emt 00:01:37]} 25. fxe5 {[%clk 01:07:38]} {[%emt 00:02:23]} Rd7 {[%clk
00:54:59]} {[%emt 00:04:04]} 26. exf6 {[%clk 01:06:59]} {[%emt 00:00:49]} Bf8
{[%clk 00:54:14]} {[%emt 00:00:55]} 27. Nf3 {[%clk 01:06:00]} {[%emt 00:01:09]}
Na5 {[%clk 00:52:29]} {[%emt 00:01:54]} 28. Bc2 {[%clk 01:05:55]} {[%emt
00:00:16]} c4 {[%clk 00:51:29]} {[%emt 00:01:10]} 29. d4 {[%clk 01:05:43]}
{[%emt 00:00:22]} b4 {[%clk 00:51:13]} {[%emt 00:00:26]} 30. e5 {[%clk
01:05:16]} {[%emt 00:00:37]} d5 {[%clk 00:49:46]} {[%emt 00:01:36]} 31. e6
{[%clk 01:04:22]} {[%emt 00:01:05]} Qxe6 {[%clk 00:48:09]} {[%emt 00:01:47]} 32.
Qxe6 {[%clk 01:04:22]} {[%emt 00:00:05]} fxe6 {[%clk 00:47:55]} {[%emt
00:00:24]} 33. Ne5 {[%clk 01:04:22]} {[%emt 00:00:08]} Bc8 {[%clk 00:44:28]}
{[%emt 00:03:37]} 34. Bxg6+ {[%clk 01:04:22]} {[%emt 00:00:07]} Kg8 {[%clk
00:44:17]} {[%emt 00:00:21]} 35. f7+ {[%clk 01:04:22]} {[%emt 00:00:04]} Kg7
{[%clk 00:43:53]} {[%emt 00:00:33]} 36. Bf6+ {[%clk 01:04:22]} {[%emt
00:00:03]} Kh6 {[%clk 00:43:37]} {[%emt 00:00:26]} 37. Nxh5 {[%clk 01:04:22]}
{[%emt 00:00:06]} 1-0

[Event "2023 National K-12 Grade Championships"]
[Site "Orlando, Florida, United States"]
[Date "2023.12.16"]
[Round "3.23"]
[White "Wang, Dena"]
[Black "Jani, Aakash"]
[Result "0-1"]
[TimeControl "G/90;d10"]
[WhiteElo "1398"]
[BlackElo "1884"]

1. e4 {[%clk 01:30:00]} {[%emt 00:00:01]} e5 {[%clk 01:30:00]} {[%emt
00:00:06]} 2. Nf3 {[%clk 01:30:00]} {[%emt 00:00:05]} Nc6 {[%clk 01:30:00]}
{[%emt 00:00:08]} 3. Bc4 {[%clk 01:30:00]} {[%emt 00:00:08]} Bc5 {[%clk
01:30:00]} {[%emt 00:00:08]} 4. c3 {[%clk 01:30:00]} {[%emt 00:00:08]} Nf6
{[%clk 01:30:00]} {[%emt 00:00:09]} 5. d3 {[%clk 01:30:00]} {[%emt 00:00:07]}
d6 {[%clk 01:29:49]} {[%emt 00:00:20]} 6. Bb3 {[%clk 01:29:59]} {[%emt
00:00:12]} O-O {[%clk 01:29:43]} {[%emt 00:00:15]} 7. Nbd2 {[%clk 01:29:52]}
{[%emt 00:00:19]} Ne7 {[%clk 01:28:41]} {[%emt 00:01:11]} 8. Nf1 {[%clk
01:29:25]} {[%emt 00:00:37]} Ng6 {[%clk 01:27:55]} {[%emt 00:00:56]} 9. Ng3
{[%clk 01:27:44]} {[%emt 00:01:51]} c6 {[%clk 01:25:10]} {[%emt 00:02:56]} 10.
O-O {[%clk 01:26:31]} {[%emt 00:01:22]} a5 {[%clk 01:23:42]} {[%emt 00:01:38]}
11. Bc2 {[%clk 01:24:54]} {[%emt 00:01:47]} Qc7 {[%clk 01:20:20]} {[%emt
00:03:32]} 12. d4 {[%clk 01:22:41]} {[%emt 00:02:23]} Bb6 {[%clk 01:20:20]}
{[%emt 00:00:09]} 13. h3 {[%clk 01:19:36]} {[%emt 00:03:15]} Re8 {[%clk
01:18:47]} {[%emt 00:01:43]} 14. Be3 {[%clk 01:18:28]} {[%emt 00:01:18]} Nf4
{[%clk 01:18:06]} {[%emt 00:00:50]} 15. Qd2 {[%clk 01:14:33]} {[%emt 00:04:05]}
Ng6 {[%clk 01:17:25]} {[%emt 00:00:51]} 16. Rfe1 {[%clk 01:10:51]} {[%emt
00:03:53]} Be6 {[%clk 01:16:29]} {[%emt 00:01:05]} 17. Bd3 {[%clk 01:06:24]}
{[%emt 00:04:38]} Rad8 {[%clk 01:15:46]} {[%emt 00:00:52]} 18. Bg5 {[%clk
01:05:10]} {[%emt 00:01:24]} Kh8 {[%clk 01:11:46]} {[%emt 00:04:10]} 19. Bxf6
{[%clk 01:04:38]} {[%emt 00:00:42]} gxf6 {[%clk 01:11:43]} {[%emt 00:00:14]} 20.
Qh6 {[%clk 01:04:30]} {[%emt 00:00:17]} Rg8 {[%clk 01:10:13]} {[%emt 00:01:40]}
21. Nh4 {[%clk 01:00:09]} {[%emt 00:04:32]} Qe7 {[%clk 01:05:47]} {[%emt
00:04:36]} 22. Nhf5 {[%clk 00:58:13]} {[%emt 00:02:06]} Bxf5 {[%clk 01:04:03]}
{[%emt 00:01:54]} 23. exf5 {[%clk 00:57:46]} {[%emt 00:00:37]} Qf8 {[%clk
01:03:30]} {[%emt 00:00:44]} 24. Qxf8 {[%clk 00:55:44]} {[%emt 00:02:11]} Nxf8
{[%clk 01:03:30]} {[%emt 00:00:07]} 25. Ne4 {[%clk 00:51:18]} {[%emt 00:04:36]}
Kg7 {[%clk 01:01:31]} {[%emt 00:02:09]} 26. dxe5 {[%clk 00:49:10]} {[%emt
00:02:18]} fxe5 {[%clk 01:00:53]} {[%emt 00:00:47]} 27. Re2 {[%clk 00:45:26]}
{[%emt 00:03:55]} d5 {[%clk 00:59:01]} {[%emt 00:02:02]} 28. Ng3 {[%clk
00:44:40]} {[%emt 00:00:55]} e4 {[%clk 00:58:36]} {[%emt 00:00:35]} 29. Bc2
{[%clk 00:44:05]} {[%emt 00:00:45]} Kf6 {[%clk 00:58:07]} {[%emt 00:00:39]} 30.
Kh2 {[%clk 00:43:54]} {[%emt 00:00:21]} Nd7 {[%clk 00:57:16]} {[%emt 00:01:01]}
31. Rae1 {[%clk 00:42:56]} {[%emt 00:01:07]} Bc7 {[%clk 00:55:35]} {[%emt
00:01:53]} 32. c4 {[%clk 00:41:32]} {[%emt 00:01:34]} h5 {[%clk 00:53:28]}
{[%emt 00:02:16]} 33. h4 {[%clk 00:40:38]} {[%emt 00:01:05]} Rg4 {[%clk
00:52:55]} {[%emt 00:00:43]} 34. Kh3 {[%clk 00:39:56]} {[%emt 00:00:51]} Bxg3
{[%clk 00:52:34]} {[%emt 00:00:30]} 35. fxg3 {[%clk 00:39:56]} {[%emt
00:00:10]} Rdg8 {[%clk 00:52:34]} {[%emt 00:00:08]} 36. Re3 {[%clk 00:36:07]}
{[%emt 00:03:59]} d4 {[%clk 00:52:34]} {[%emt 00:00:08]} 37. Rxe4 {[%clk
00:34:41]} {[%emt 00:01:36]} Rxg3+ {[%clk 00:52:34]} {[%emt 00:00:11]} 38. Kh2
{[%clk 00:34:41]} {[%emt 00:00:10]} Rxg2+ {[%clk 00:52:34]} {[%emt 00:00:07]}
39. Kh1 {[%clk 00:34:23]} {[%emt 00:00:28]} Rxc2 {[%clk 00:52:34]} {[%emt
00:00:09]} 40. Rxd4 {[%clk 00:34:23]} {[%emt 00:00:08]} Ne5 {[%clk 00:51:48]}
{[%emt 00:00:55]} 41. Rf4 {[%clk 00:33:57]} {[%emt 00:00:36]} Rxc4 {[%clk
00:51:36]} {[%emt 00:00:22]} 42. Rf2 {[%clk 00:33:52]} {[%emt 00:00:14]} Rxh4+
{[%clk 00:51:36]} {[%emt 00:00:10]} 43. Rh2 {[%clk 00:33:40]} {[%emt 00:00:22]}
Rxh2+ {[%clk 00:51:36]} {[%emt 00:00:07]} 44. Kxh2 {[%clk 00:33:40]} {[%emt
00:00:09]} Nf3+ {[%clk 00:51:36]} {[%emt 00:00:06]} 45. Kh1 {[%clk 00:33:40]}
{[%emt 00:00:07]} Nxe1 {[%clk 00:51:36]} {[%emt 00:00:05]} 46. Kh2 {[%clk
00:33:40]} {[%emt 00:00:09]} Nf3+ {[%clk 00:51:36]} {[%emt 00:00:08]} 47. Kh3
{[%clk 00:33:39]} {[%emt 00:00:10]} h4 {[%clk 00:51:36]} {[%emt 00:00:06]} 48.
b4 {[%clk 00:33:21]} {[%emt 00:00:28]} Rg3# {[%clk 00:51:36]} {[%emt 00:00:06]}
0-1

[Event "2023 National K-12 Grade Championships"]
[Site "Orlando, Florida, United States"]
[Date "2023.12.16"]
[Round "3.24"]
[White "Lu, Hantian"]
[Black "Li, Aiden Linyuan"]
[Result "0-1"]
[TimeControl "G/90;d10"]
[WhiteElo "1194"]
[BlackElo "1832"]

1. d4 {[%clk 01:30:00]} d5 {[%clk 01:30:00]} {[%emt 00:00:10]} 2. c4 {[%clk
01:30:00]} {[%emt 00:00:06]} e6 {[%clk 01:30:00]} {[%emt 00:00:07]} 3. Nc3
{[%clk 01:30:00]} {[%emt 00:00:05]} Nf6 {[%clk 01:30:00]} {[%emt 00:00:10]} 4.
cxd5 {[%clk 01:30:00]} {[%emt 00:00:06]} exd5 {[%clk 01:30:00]} {[%emt
00:00:05]} 5. Bg5 {[%clk 01:30:00]} {[%emt 00:00:09]} c6 {[%emt 00:00:09]} 6.
e3 {[%clk 01:30:00]} {[%emt 00:00:03]} Be7 {[%clk 01:30:00]} {[%emt 00:00:05]}
7. Bd3 {[%clk 01:30:00]} {[%emt 00:00:06]} O-O {[%clk 01:30:00]} {[%emt
00:00:08]} 8. Qc2 {[%clk 01:29:56]} {[%emt 00:00:14]} Nbd7 {[%clk 01:30:00]}
{[%emt 00:00:06]} 9. Nge2 {[%clk 01:29:47]} {[%emt 00:00:19]} Re8 {[%clk
01:30:00]} {[%emt 00:00:06]} 10. O-O {[%clk 01:29:47]} {[%emt 00:00:08]} Nf8
{[%clk 01:30:00]} {[%emt 00:00:07]} 11. f3 {[%clk 01:29:47]} {[%emt 00:00:06]}
Be6 {[%clk 01:30:00]} {[%emt 00:00:06]} 12. Rad1 {[%clk 01:28:58]} {[%emt
00:00:59]} Rc8 {[%clk 01:30:00]} {[%emt 00:00:07]} 13. e4 {[%clk 01:26:24]}
{[%emt 00:02:44]} dxe4 {[%clk 01:28:04]} {[%emt 00:02:06]} 14. fxe4 {[%clk
01:26:24]} {[%emt 00:00:08]} Ng4 {[%clk 01:27:51]} {[%emt 00:00:22]} 15. Bxe7
{[%clk 01:25:03]} {[%emt 00:01:32]} Qxe7 {[%clk 01:26:25]} {[%emt 00:01:35]} 16.
Rf3 {[%clk 01:24:09]} {[%emt 00:01:05]} a6 {[%clk 01:21:17]} {[%emt 00:05:17]}
17. h3 {[%clk 01:23:42]} {[%emt 00:00:37]} Nf6 {[%clk 01:21:00]} {[%emt
00:00:27]} 18. Nf4 {[%clk 01:22:33]} {[%emt 00:01:19]} Ng6 {[%clk 01:19:28]}
{[%emt 00:01:41]} 19. Nxg6 {[%clk 01:21:43]} {[%emt 00:01:01]} hxg6 {[%clk
01:19:28]} {[%emt 00:00:09]} 20. Re3 {[%clk 01:18:22]} {[%emt 00:03:31]} c5
{[%clk 01:16:53]} {[%emt 00:02:46]} 21. d5 {[%clk 01:17:37]} {[%emt 00:00:55]}
Bxd5 {[%clk 01:16:49]} {[%emt 00:00:13]} 22. e5 {[%clk 01:17:19]} {[%emt
00:00:28]} Bc6 {[%clk 01:16:43]} {[%emt 00:00:16]} 23. Rde1 {[%clk 01:14:30]}
{[%emt 00:02:59]} Nd5 {[%clk 01:16:15]} {[%emt 00:00:38]} 24. Nxd5 {[%clk
01:14:30]} {[%emt 00:00:11]} Bxd5 {[%clk 01:16:15]} {[%emt 00:00:05]} 25. e6
{[%clk 01:12:49]} {[%emt 00:01:51]} fxe6 {[%clk 01:14:12]} {[%emt 00:02:12]} 26.
Bxg6 {[%clk 01:12:49]} {[%emt 00:00:07]} Qg5 {[%clk 01:14:05]} {[%emt
00:00:14]} 27. Bxe8 {[%clk 01:12:36]} {[%emt 00:00:27]} Rxe8 {[%clk 01:14:01]}
{[%emt 00:00:13]} 28. Re5 {[%clk 01:12:21]} {[%emt 00:00:25]} Qh4 {[%clk
01:10:33]} {[%emt 00:03:36]} 29. Qf2 {[%clk 01:12:12]} {[%emt 00:00:22]} Qxf2+
{[%clk 01:04:33]} {[%emt 00:06:09]} 30. Kxf2 {[%clk 01:12:12]} {[%emt
00:00:07]} Rc8 {[%clk 01:04:33]} {[%emt 00:00:07]} 31. b3 {[%clk 01:12:04]}
{[%emt 00:00:18]} c4 {[%clk 01:03:50]} {[%emt 00:00:53]} 32. Rc1 {[%clk
01:12:04]} {[%emt 00:00:07]} Rf8+ {[%clk 01:03:44]} {[%emt 00:00:15]} 33. Ke2
{[%clk 01:12:04]} {[%emt 00:00:08]} cxb3 {[%clk 01:03:38]} {[%emt 00:00:17]} 34.
axb3 {[%clk 01:12:04]} {[%emt 00:00:05]} Bxb3 {[%clk 01:03:32]} {[%emt
00:00:15]} 35. Rb1 {[%clk 01:11:32]} {[%emt 00:00:42]} Bc4+ {[%clk 01:03:22]}
{[%emt 00:00:21]} 36. Ke3 {[%clk 01:11:30]} {[%emt 00:00:10]} b5 {[%clk
01:01:57]} {[%emt 00:01:36]} 37. Kd4 {[%clk 01:11:16]} {[%emt 00:00:24]} a5
{[%clk 01:01:16]} {[%emt 00:00:51]} 38. Kc3 {[%clk 01:11:13]} {[%emt 00:00:13]}
Rf2 {[%clk 01:01:10]} {[%emt 00:00:16]} 39. Rg5 {[%clk 01:10:05]} {[%emt
00:01:18]} Kf7 {[%clk 01:00:10]} {[%emt 00:01:10]} 40. Ra1 {[%clk 00:59:47]}
{[%emt 00:10:29]} a4 {[%clk 01:00:10]} {[%emt 00:00:08]} 41. Rg4 {[%clk
00:54:09]} {[%emt 00:05:47]} Kf6 {[%clk 00:58:30]} {[%emt 00:01:49]} 42. Rg3
{[%clk 00:53:59]} {[%emt 00:00:21]} g5 {[%clk 00:58:30]} {[%emt 00:00:06]} 43.
Rg4 {[%clk 00:53:59]} {[%emt 00:00:05]} Be2 {[%clk 00:58:10]} {[%emt 00:00:30]}
44. Rg3 {[%clk 00:53:56]} {[%emt 00:00:15]} Kf5 {[%clk 00:57:10]} {[%emt
00:01:09]} 45. Kb4 {[%clk 00:53:54]} {[%emt 00:00:11]} e5 {[%clk 00:55:54]}
{[%emt 00:01:27]} 46. Kc3 {[%clk 00:53:54]} {[%emt 00:00:07]} Kf4 {[%clk
00:55:54]} {[%emt 00:00:08]} 0-1

[Event "2023 National K-12 Grade Championships"]
[Site "Orlando, Florida, United States"]
[Date "2023.12.16"]
[Round "3.25"]
[White "Goodrich, Elliot"]
[Black "Yuen, Daisy"]
[Result "1-0"]
[TimeControl "G/90;d10"]
[WhiteElo "2051"]
[BlackElo "1608"]

1. e4 {[%clk 01:30:00]} e5 {[%clk 01:30:00]} 2. Nf3 {[%clk 01:30:00]} Nc6
{[%clk 01:30:00]} 3. Bc4 {[%clk 01:30:00]} {[%emt 00:00:04]} Bc5 {[%clk
01:30:00]} {[%emt 00:00:22]} 4. d3 {[%clk 01:30:00]} d6 {[%clk 01:29:54]}
{[%emt 00:00:07]} 5. h3 {[%clk 01:29:00]} {[%emt 00:01:48]} h6 {[%clk
01:29:25]} {[%emt 00:00:04]} 6. Nc3 {[%clk 01:28:58]} {[%emt 00:00:13]} Nf6
{[%clk 01:29:13]} {[%emt 00:00:29]} 7. Be3 {[%clk 01:26:02]} {[%emt 00:03:32]}
Bb6 {[%clk 01:28:46]} {[%emt 00:00:12]} 8. Bb3 {[%clk 01:24:00]} {[%emt
00:02:02]} Nd4 {[%clk 01:24:42]} {[%emt 00:04:25]} 9. Bxd4 {[%clk 01:20:08]}
{[%emt 00:03:55]} exd4 {[%clk 01:23:40]} {[%emt 00:03:04]} 10. Ne2 {[%clk
01:19:18]} Ba5+ {[%clk 01:20:39]} {[%emt 00:02:17]} 11. c3 {[%clk 01:16:58]}
{[%emt 00:02:53]} dxc3 {[%clk 01:19:34]} {[%emt 00:00:49]} 12. bxc3 {[%clk
01:16:35]} {[%emt 00:00:43]} O-O {[%clk 01:18:02]} {[%emt 00:01:53]} 13. O-O
{[%clk 01:16:07]} {[%emt 00:00:22]} Bd7 {[%clk 01:14:46]} {[%emt 00:03:35]} 14.
Rc1 {[%clk 01:14:07]} {[%emt 00:02:28]} Re8 {[%clk 01:10:54]} {[%emt 00:04:14]}
15. Ng3 {[%clk 01:11:57]} {[%emt 00:02:23]} Bb6 {[%clk 00:59:18]} {[%emt
00:10:58]} 16. Re1 {[%clk 01:10:12]} {[%emt 00:01:55]} Nh7 {[%clk 00:53:34]}
{[%emt 00:08:09]} 17. d4 {[%clk 01:07:02]} {[%emt 00:01:26]} Ng5 {[%clk
00:48:55]} {[%emt 00:04:28]} 18. Qd3 {[%clk 01:05:04]} {[%emt 00:02:11]} Qf6
{[%clk 00:44:23]} {[%emt 00:04:40]} 19. Nxg5 {[%clk 01:01:34]} {[%emt
00:03:40]} Qxg5 {[%clk 00:42:30]} {[%emt 00:02:27]} 20. Qf3 {[%clk 01:01:02]}
{[%emt 00:00:18]} Qg6 {[%clk 00:37:45]} {[%emt 00:05:07]} 21. Rc2 {[%clk
00:56:12]} {[%emt 00:05:02]} Rad8 {[%clk 00:29:22]} {[%emt 00:08:19]} 22. Rce2
{[%clk 00:55:13]} {[%emt 00:01:21]} Bc6 {[%clk 00:19:59]} {[%emt 00:09:21]} 23.
Nf5 {[%clk 00:53:01]} {[%emt 00:02:21]} Qf6 {[%clk 00:17:15]} {[%emt 00:03:00]}
24. Kh2 {[%clk 00:44:35]} {[%emt 00:08:47]} a6 {[%clk 00:13:48]} {[%emt
00:03:21]} 25. Qh5 {[%clk 00:42:32]} {[%emt 00:02:29]} Bd7 {[%clk 00:11:26]}
{[%emt 00:02:23]} 26. g4 {[%clk 00:40:19]} {[%emt 00:02:29]} Be6 {[%clk
00:09:42]} {[%emt 00:02:09]} 27. f4 {[%clk 00:37:14]} {[%emt 00:02:56]} Bxb3
{[%clk 00:08:03]} {[%emt 00:01:50]} 28. axb3 {[%clk 00:36:11]} {[%emt
00:01:06]} c5 {[%clk 00:05:24]} {[%emt 00:02:59]} 29. e5 {[%clk 00:34:20]}
{[%emt 00:01:57]} dxe5 {[%clk 00:04:55]} {[%emt 00:00:30]} 30. dxe5 {[%clk
00:33:05]} {[%emt 00:01:30]} Qe6 {[%clk 00:04:06]} {[%emt 00:00:51]} 31. Nd6
{[%clk 00:32:08]} {[%emt 00:01:11]} Re7 {[%clk 00:03:35]} {[%emt 00:00:40]} 32.
c4 {[%clk 00:31:45]} {[%emt 00:00:39]} f6 {[%clk 00:02:37]} {[%emt 00:01:03]}
33. Nf5 {[%clk 00:29:55]} {[%emt 00:02:36]} Red7 {[%clk 00:01:51]} {[%emt
00:00:28]} 34. Qg6 {[%clk 00:29:28]} {[%emt 00:00:31]} Qe8 {[%clk 00:00:39]}
{[%emt 00:01:22]} 35. Nxh6+ {[%clk 00:29:08]} {[%emt 00:00:27]} Kh8 {[%clk
00:00:39]} {[%emt 00:00:19]} 36. Qxe8+ {[%clk 00:28:24]} {[%emt 00:00:43]} Rxe8
{[%clk 00:00:39]} {[%emt 00:00:38]} 37. e6 {[%clk 00:27:52]} {[%emt 00:00:09]}
Rd3 {[%clk 00:00:27]} {[%emt 00:00:22]} 38. Nf5 {[%clk 00:27:38]} {[%emt
00:00:24]} Rxb3 {[%clk 00:00:24]} {[%emt 00:00:16]} 39. Rd1 {[%clk 00:26:54]}
{[%emt 00:00:51]} g6 {[%clk 00:00:09]} {[%emt 00:00:27]} 40. Nd6 {[%clk
00:26:38]} {[%emt 00:00:24]} Re7 {[%clk 00:00:09]} {[%emt 00:00:09]} 41. Nc8
{[%clk 00:26:16]} {[%emt 00:00:30]} Re8 {[%clk 00:00:09]} {[%emt 00:00:34]} 42.
e7 {[%clk 00:26:15]} {[%emt 00:00:03]} Rf3 {[%clk 00:00:09]} 43. Nd6 {[%clk
00:26:15]} Bc7 {[%clk 00:00:09]} {[%emt 00:00:04]} 44. Nxe8 {[%clk 00:26:15]}
Bxf4+ {[%clk 00:00:09]} {[%emt 00:00:04]} 45. Kg2 {[%clk 00:26:15]} {[%emt
00:00:03]} Rg3+ {[%clk 00:00:09]} {[%emt 00:00:03]} 46. Kf2 {[%clk 00:26:15]}
{[%emt 00:00:03]} Rxh3 {[%clk 00:00:09]} {[%emt 00:00:04]} 47. Nxf6 {[%clk
00:26:15]} {[%emt 00:00:07]} Bg3+ {[%clk 00:00:09]} {[%emt 00:00:18]} 48. Kg1
{[%clk 00:26:15]} {[%emt 00:00:04]} Bh2+ {[%clk 00:00:05]} 49. Rxh2 {[%clk
00:26:15]} Rxh2 {[%clk 00:00:05]} {[%emt 00:00:03]} 50. Kxh2 {[%clk 00:26:15]}
{[%emt 00:00:07]} Kg7 {[%clk 00:00:05]} {[%emt 00:00:03]} 51. e8=Q {[%clk
00:26:15]} {[%emt 00:00:04]} Kxf6 {[%clk 00:00:05]} {[%emt 00:00:04]} 52. Rd6+
{[%clk 00:26:15]} {[%emt 00:00:15]} Kg5 {[%clk 00:00:05]} 53. Qxg6+ {[%clk
00:26:15]} Kf4 {[%clk 00:00:05]} 54. Qf5+ {[%clk 00:26:15]} Ke3 {[%clk
00:00:05]} 55. Rd3+ {[%clk 00:26:15]} Ke2 {[%clk 00:00:05]} {[%emt 00:00:32]}
56. Qf3+ {[%clk 00:26:15]} Ke1 {[%clk 00:00:05]} 57. Rd1# 1-0